| 000 | 00586nam a2200205 a 4500 | ||
|---|---|---|---|
| 005 | 20140310183453.0 | ||
| 008 | 090804s19uu xx 00 eng d | ||
| 020 | _a1403935750 | ||
| 050 |
_aHF 5718 _b.B364 2007 |
||
| 100 | _a Bargiela-Chiappini, Francesca | ||
| 245 |
_aBusiness discourse / _cFrancesca Bargiela-Chiappini |
||
| 260 |
_aEngland : _bPalgrave Macmillan, _c2007. |
||
| 300 |
_a282 p. : _c23 cm. |
||
| 521 | _aBSBA | ||
| 650 | _aBusiness communication. | ||
| 700 | _aNickerson, Catherine | ||
| 700 | _aPlanken, Brigitte | ||
| 942 |
_cBK _2lcc _kFOR |
||
| 999 |
_c23526 _d23526 |
||